| 000 | 00470nam a2200169 i 4500 | ||
|---|---|---|---|
| 001 | 97235 | ||
| 003 | ES-MaACL | ||
| 005 | 20230906182050.0 | ||
| 007 | t| | ||
| 008 | 050708s1967 sp ||||1| spa d | ||
| 100 | 1 |
_aManzano, Rafael. _976222 |
|
| 245 | 1 | 4 |
_aLos Premios Nobel espaƱoles... / _cRafael Manzano. |
| 260 |
_aBarcelona : _bOccitania, _c1967. |
||
| 300 |
_a170 p. ; _c21 cm. |
||
| 852 |
_aES-MaACL _jC-32445 _bR.62931 |
||
| 852 |
_aES-MaACL _jC-35031 _bR.67103 |
||
| 999 |
_c97235 _d97235 |
||